Music Artists by Song - H - Statistics

General Stats
  • This quiz has been taken 97 times
  • The average score is 5 of 16
Answer Stats
Songs Artist % Correct
Too Sweet / Take Me to Church / Work Song Hozier
85%
As It Was / Sign of the Times / Watermelon Sugar Harry Styles
84%
Alone / Barracuda / Crazy on You Heart
59%
Closer / Bad At Love / Without Me Halsey
50%
What Is Love / Life / Rock My Heart Haddaway
38%
Jump Around / Top O' the Morning to Ya / Back From The Dead House Of Pain
35%
You Sexy Thing / Every 1's a Winner / It Started with a Kiss Hot Chocolate
31%
Jump in the Line / Banana Boat / Jamaica Farewell Harry Belafonte
27%
Ordinary Girl / He Could Be the One / The Best of Both Worlds Hannah Montana
18%
Can I Have This Dance / We're All In This Together / A Night to Remember High School Musical
18%
Starving / Capital Letters / Love Myself Hailee Steinfeld
14%
Shut up My Moms Calling / I Think I Left the Stove On / Stevie Doesn't Wonder Hotel Ugly
14%
Cornfield Chase / Time / Now We Are Free Hans Zimmer
9%
Resonance / We're Finally Landing / Hold Home
9%
Swing Lynn / Cool Kids / Pier Cafe Harmless
4%
I'll Do It / Animal / No Going Home Heidi Montag
3%
No matching quizzes found
Score Distribution
Percent of People with Each Score
Percentile by Number Answered
Your Score History
You have not taken this quiz